Технический прогресс и экономика предприятия
| 1. autor: | |
|---|---|
| Streszczenie: | Исключено из фонда НТБ ТПУ |
| Język: | rosyjski |
| Wydane: |
Москва, Машиностроение, 1980
|
| Format: | MixedMaterials Książka |
| KOHA link: | https://koha.lib.tpu.ru/cgi-bin/koha/opac-detail.pl?biblionumber=292270 |
MARC
| LEADER | 00000nam0a2200000 4500 | ||
|---|---|---|---|
| 001 | 292270 | ||
| 005 | 20231101000942.0 | ||
| 035 | |a (RuTPU)RU\TPU\book\316885 | ||
| 090 | |a 292270 | ||
| 100 | |a 20150421d1980 k y0rusy50 ca | ||
| 101 | 0 | |a rus | |
| 102 | |a RU | ||
| 105 | |a a z 001zy | ||
| 200 | 1 | |a Технический прогресс и экономика предприятия |f А. И. Улицкий | |
| 210 | |a Москва |c Машиностроение |d 1980 | ||
| 215 | |a 205 с. |c ил. | ||
| 333 | |a Исключено из фонда НТБ ТПУ | ||
| 700 | 1 | |a Улицкий |b А. И. |g Анатолий Иохимович | |
| 801 | 1 | |a RU |b 63413507 |c 20150421 | |
| 801 | 2 | |a RU |b 63413507 |c 20211217 |g RCR | |
| 942 | |c BK | ||